Normal view
MARC view
- Administration and Management/Nursing Ethics
Entry Topical Term
001 - CONTROL NUMBER
- control field: 217446
003 - CONTROL NUMBER IDENTIFIER
- control field: OSt
005 - DATE AND TIME OF LATEST TRANSACTION
- control field: 20260330142640.0
008 - FIXED-LENGTH DATA ELEMENTS
- fixed length control field: 260330|| aca||aabn | a|a d
040 ## - CATALOGING SOURCE
- Original cataloging agency: OSt
- Transcribing agency: OSt
150 ## - HEADING--TOPICAL TERM
- Topical term or geographic name entry element: Administration and Management/Nursing Ethics
670 ## - SOURCE DATA FOUND
- Source citation: Work cat.: (OSt)369260: Banerjee Sonali 217445, Textbook of Professionalism, Professional Values and Ethics, including Bioethics, 2023